[Event "FRA T.IV"]
[Site "Toulouse"]
[Date "2005.11.20"]
[Round "2.2"]
[White "Casella, Laurent"]
[Black "Thamier, Stephan"]
[Result "1-0"]
[WhiteElo "2028"]
[BlackElo "1970"]
[PlyCount "47"]
[EventDate "2005.??.??"]
[EventType "team-match"]
[EventCountry "FRA"]

1. e4 e5 2. d4 exd4 3. Qxd4 Nc6 4. Qe3 b6 5. Nc3 Bc5 6. Qg3 g6 7. Bf4 Bb4 8.
Bxc7 Bxc3+ 9. Qxc3 Qf6 10. e5 Qe6 11. O-O-O Nge7 12. Bc4 Qf5 13. e6 f6 14.
exd7+ Bxd7 15. Ne2 Rf8 16. Rhe1 Ne5 17. Ba6 Bc8 18. Bb5+ Kf7 19. f4 Nd7 20. Nd4
Qc5 21. Qb3+ Nd5 22. Ne6 Qb4 23. Qxd5 Kg8 24. Nxf8+ 1-0

[Event "FRA T.IV"]
[Site "Toulouse"]
[Date "2005.11.20"]
[Round "2.2"]
[White "Lacresse, Regis"]
[Black "Olle, Jean Pierre"]
[Result "1/2-1/2"]
[WhiteElo "1890"]
[BlackElo "1720"]
[PlyCount "80"]
[EventDate "2005.??.??"]
[EventType "team-match"]
[EventCountry "FRA"]

1. e4 c5 2. Nc3 Nc6 3. g3 g6 4. Bg2 Bg7 5. f4 d6 6. d3 Nh6 7. h3 O-O 8. Nf3 a6
9. a4 f5 10. O-O Nf7 11. Re1 e5 12. exf5 Bxf5 13. g4 Bd7 14. Ne4 Nd4 15. Nfg5
Bc6 16. c3 Bxe4 17. Nxf7 Rxf7 18. Bxe4 d5 19. Bg2 Nc6 20. Qb3 Rd7 21. f5 Kh8
22. fxg6 hxg6 23. Bd2 Kh7 24. Rf1 c4 25. Qc2 cxd3 26. Qxd3 e4 27. Qe2 Ne5 28.
Rad1 Nc4 29. Bc1 Bh6 30. g5 Bxg5 31. Bxg5 Qxg5 32. Qxc4 dxc4 33. Rxd7+ Kh6 34.
Rff7 Rh8 35. Rde7 Qc1+ 36. Kh2 Qxb2 37. Rxe4 Rd8 38. Rh4+ Kg5 39. Rxc4 Rd2 40.
Rg4+ Kh6 1/2-1/2

[Event "FRA T.IV"]
[Site "Toulouse"]
[Date "2005.11.20"]
[Round "2.3"]
[White "Devals, Nicolas"]
[Black "Noll, Dominik"]
[Result "0-1"]
[WhiteElo "1640"]
[BlackElo "1699"]
[PlyCount "63"]
[EventDate "2005.??.??"]
[EventType "team-match"]
[EventCountry "FRA"]

1. e4 c5 2. Nf3 Nc6 3. d4 cxd4 4. Nxd4 Qb6 5. c3 Nf6 6. Nxc6 dxc6 7. Bd3 e5 8.
O-O Be6 9. Qc2 a5 10. Be3 Bc5 11. Bxc5 Qxc5 12. Nd2 O-O 13. Rae1 Nh5 14. b3 b5
15. c4 Rfd8 16. Rd1 Bg4 17. Rde1 Nf4 18. Re3 Qd4 19. h3 Nxd3 20. hxg4 Nb4 21.
Qb1 Qxd2 22. a3 Nc2 23. Rh3 Nd4 24. Kh1 Ne6 25. Qa1 f6 26. cxb5 cxb5 27. Qb1
Nf4 28. Rf3 Rac8 29. b4 a4 30. Kh2 Qd7 31. Rg3 g5 32. Kh1 0-1

[Event "FRA T.IV"]
[Site "Toulouse"]
[Date "2005.11.20"]
[Round "2.3"]
[White "Jacquart, Christian"]
[Black "Nouvel, Denis"]
[Result "1/2-1/2"]
[WhiteElo "1830"]
[BlackElo "1700"]
[PlyCount "87"]
[EventDate "2005.??.??"]
[EventType "team-match"]
[EventCountry "FRA"]

1. d4 d5 2. c4 e6 3. cxd5 exd5 4. Nc3 Nf6 5. Nf3 g6 6. Bg5 Bg7 7. e3 O-O 8. Bd3
b6 9. Ne5 Bb7 10. O-O Nbd7 11. Bb5 Nb8 12. Rc1 c6 13. Ba4 Qd6 14. a3 Nbd7 15.
Bf4 Qe6 16. b4 Rac8 17. Nxd7 Qxd7 18. Be5 Rfe8 19. Re1 Ne4 20. Nxe4 dxe4 21.
Bf4 Qd5 22. Re2 Bf8 23. Rec2 b5 24. Rc5 Bxc5 25. Bb3 Qd7 26. Rxc5 Kg7 27. Be5+
f6 28. Bf4 Ra8 29. h4 a5 30. f3 axb4 31. axb4 Ra3 32. fxe4 Rxe4 33. Bc2 Re8 34.
Qf3 h6 35. Qg3 f5 36. Bxf5 Qf7 37. h5 g5 38. Be5+ Kg8 39. Bg6 Ra1+ 40. Kh2 Qf1
41. Qg4 Bc8 42. Qe4 Qh1+ 43. Kg3 Qe1+ 44. Kh2 1/2-1/2

[Event "FRA T.IV"]
[Site "Toulouse"]
[Date "2005.11.20"]
[Round "2.4"]
[White "Boulogne, Laurent"]
[Black "Valat, Jean Marie"]
[Result "1/2-1/2"]
[WhiteElo "1770"]
[BlackElo "1690"]
[PlyCount "65"]
[EventDate "2005.??.??"]
[EventType "team-match"]
[EventCountry "FRA"]

1. d4 Nf6 2. c4 g6 3. Nf3 Bg7 4. Nc3 d6 5. e4 O-O 6. Be2 Nbd7 7. O-O c5 8. Rb1
cxd4 9. Nxd4 Nc5 10. f3 a6 11. b4 Ne6 12. Be3 Nxd4 13. Bxd4 Ne8 14. Nd5 Bxd4+
15. Qxd4 Nc7 16. Nb6 Ne6 17. Qe3 Rb8 18. Rfd1 Qe8 19. c5 dxc5 20. bxc5 Ng7 21.
Rd2 Be6 22. Rbd1 Qc6 23. f4 Qc7 24. Nd5 Bxd5 25. exd5 Nf5 26. Qf2 Rbc8 27. g4
Ng7 28. Rc2 Rfd8 29. Qd4 Ne6 30. Qe5 Nxf4 31. Qxc7 Nxe2+ 32. Rxe2 Rxc7 33. Rc2
1/2-1/2

[Event "FRA T.IV"]
[Site "Toulouse"]
[Date "2005.11.20"]
[Round "2.5"]
[White "Pinault, Ronan"]
[Black "Delmas, Jean"]
[Result "1-0"]
[WhiteElo "1790"]
[BlackElo "1610"]
[PlyCount "53"]
[EventDate "2005.??.??"]
[EventType "team-match"]
[EventCountry "FRA"]

1. d4 d5 2. Nf3 Nf6 3. c4 dxc4 4. e3 e6 5. Bxc4 c5 6. O-O Be7 7. Nc3 O-O 8. Qe2
a6 9. a4 Qc7 10. Rd1 b6 11. dxc5 Bxc5 12. e4 Nc6 13. Bg5 Be7 14. e5 Nd7 15.
Bxe7 Nxe7 16. Rac1 Bb7 17. Ng5 Nxe5 18. Bxe6 Qb8 19. Bxf7+ Rxf7 20. Nxf7 Kxf7
21. Ne4 Bxe4 22. Qxe4 N5g6 23. Rd7 Ra7 24. Rxa7 Qxa7 25. Qc4+ Kf8 26. Rd1 a5
27. Rd8# 1-0

[Event "FRA T.IV"]
[Site "Toulouse"]
[Date "2005.11.20"]
[Round "2.5"]
[White "Valade, Patrick"]
[Black "Trier, Marc"]
[Result "1/2-1/2"]
[WhiteElo "1580"]
[BlackElo "1660"]
[PlyCount "35"]
[EventDate "2005.??.??"]
[EventType "team-match"]
[EventCountry "FRA"]

1. e4 c5 2. Nf3 Nc6 3. d4 cxd4 4. Nxd4 e6 5. a3 a6 6. Nc3 Bc5 7. Nb3 Ba7 8. Bf4
Bb8 9. Be3 Nge7 10. Nd4 d5 11. Bd3 e5 12. Nxc6 bxc6 13. Ne2 O-O 14. f4 Bg4 15.
O-O exf4 16. Bxf4 Ba7+ 17. Kh1 Bb8 18. Qd2 1/2-1/2

[Event "FRA T.IV"]
[Site "Toulouse"]
[Date "2005.11.20"]
[Round "2.6"]
[White "Ajdari, Emmanuel"]
[Black "Grard, Alain"]
[Result "0-1"]
[WhiteElo "1620"]
[BlackElo "1570"]
[PlyCount "64"]
[EventDate "2005.??.??"]
[EventType "team-match"]
[EventCountry "FRA"]

1. e4 e5 2. Nf3 Nc6 3. Bc4 Nf6 4. Ng5 d5 5. exd5 Na5 6. Bb5+ c6 7. dxc6 bxc6 8.
Be2 h6 9. Nf3 e4 10. Ne5 Bd6 11. d4 exd3 12. Nxd3 Qc7 13. h3 O-O 14. O-O Bb7
15. Be3 Nc4 16. Bd4 Nd7 17. Nd2 Nce5 18. Nxe5 Bxe5 19. Bxe5 Nxe5 20. Nf3 Rad8
21. Qc1 Ng6 22. Re1 c5 23. c3 Nf4 24. Qc2 Rfe8 25. Bb5 Rxe1+ 26. Nxe1 Nxg2 27.
Nxg2 Bxg2 28. Kxg2 Qb7+ 29. f3 Qxb5 30. Re1 c4 31. b4 Qg5+ 32. Kh2 Rd2+ 0-1

[Event "FRA T.IV"]
[Site "Toulouse"]
[Date "2005.11.20"]
[Round "2.6"]
[White "Rouqual, Guy"]
[Black "Treinsoutrot, Patrick"]
[Result "1/2-1/2"]
[WhiteElo "1620"]
[BlackElo "1660"]
[PlyCount "118"]
[EventDate "2005.??.??"]
[EventType "team-match"]
[EventCountry "FRA"]

1. d4 d5 2. Nf3 Nf6 3. e3 Bf5 4. Bd3 Bxd3 5. cxd3 e6 6. Nc3 c5 7. dxc5 Bxc5 8.
Ne5 Qc7 9. d4 Bd6 10. Nb5 Qa5+ 11. Nc3 Bxe5 12. dxe5 Nfd7 13. Bd2 Nxe5 14. Qa4+
Qxa4 15. Nxa4 O-O 16. Bc3 Ned7 17. b4 b5 18. Nb2 Rc8 19. Kd2 Nb6 20. Rhd1 Na6
21. a3 Nc4+ 22. Nxc4 dxc4 23. Kc2 Rd8 24. Bd4 Nc7 25. Bxa7 Rxd1 26. Rxd1 Nd5
27. e4 Rxa7 28. exd5 Kf8 29. dxe6 fxe6 30. Rd8+ Ke7 31. Rb8 Rxa3 32. Rxb5 Rb3
33. f4 Kf6 34. g3 h6 35. Rc5 Rxb4 36. Kc3 Ra4 37. Rxc4 Rxc4+ 38. Kxc4 Kf5 39.
Kd4 g5 40. fxg5 hxg5 41. h3 e5+ 42. Ke3 e4 43. Kd4 g4 44. h4 e3 45. Kxe3 Ke5
46. Kd3 Kd5 47. h5 Ke5 48. h6 Kf6 49. Ke4 Kg6 50. Kf4 Kxh6 51. Kxg4 Kg6 52. Kh4
Kh6 53. g4 Kg6 54. g5 Kg7 55. Kh5 Kh7 56. g6+ Kg7 57. Kg5 Kg8 58. Kf6 Kf8 59.
g7+ Kg8 1/2-1/2

[Event "FRA T.IV"]
[Site "Toulouse"]
[Date "2005.11.20"]
[Round "2.7"]
[White "Guesdon, Joel"]
[Black "Montreuille, Pierre"]
[Result "1-0"]
[WhiteElo "1680"]
[BlackElo "1590"]
[PlyCount "43"]
[EventDate "2005.??.??"]
[EventType "team-match"]
[EventCountry "FRA"]

1. c4 e5 2. Nc3 Nf6 3. e4 Nc6 4. Nf3 Bc5 5. Be2 O-O 6. d3 h6 7. a3 a5 8. Rb1 d6
9. Nb5 Ne7 10. O-O c6 11. Nc3 Qb6 12. Na4 Qa7 13. Nxc5 dxc5 14. Nxe5 Be6 15.
Be3 Rfd8 16. Qc2 b6 17. f4 Qc7 18. Qc3 Ne8 19. f5 Bc8 20. Bf4 Nf6 21. Nxf7 Qd7
22. Nxh6+ 1-0

[Event "FRA T.IV"]
[Site "Toulouse"]
[Date "2005.11.20"]
[Round "2.8"]
[White "Houmeau, Dominique"]
[Black "Chapelet, Jonas"]
[Result "1-0"]
[WhiteElo "1500"]
[BlackElo "1750"]
[PlyCount "99"]
[EventDate "2005.??.??"]
[EventType "team-match"]
[EventCountry "FRA"]

1. e4 c5 2. c4 Nc6 3. Nf3 d6 4. h3 Nf6 5. d3 g6 6. Nc3 Bg7 7. Bd2 O-O 8. Be2 e6
9. O-O d5 10. cxd5 exd5 11. exd5 Nxd5 12. Qc1 Re8 13. Re1 Ndb4 14. Ne4 b6 15.
Qb1 Na6 16. a3 Nc7 17. Qc2 Nb5 18. Bc3 Nbd4 19. Nxd4 Bxd4 20. Rad1 Bf5 21. Qa4
Rc8 22. Bf1 Bxc3 23. bxc3 Rc7 24. Nf6+ Qxf6 25. Rxe8+ Kg7 26. Qf4 Rd7 27. g4
Be6 28. Qxf6+ Kxf6 29. Bg2 Ne5 30. d4 cxd4 31. cxd4 Nc4 32. d5 a6 33. Bf3 Ne5
34. Bg2 Nc4 35. f4 Ne3 36. Rc1 Nxg2 37. dxe6 Rd2 38. Rc7 Nxf4 39. Rxf7+ Ke5 40.
Rxh7 Ra2 41. e7 Ke4 42. Rf8 Ra1+ 43. Kf2 Ra2+ 44. Kg3 Rxa3+ 45. Kh4 Rxh3+ 46.
Kg5 Ne6+ 47. Kxg6 Nxf8+ 48. exf8=Q Rg3 49. Qf5+ Ke3 50. Re7+ 1-0

[Event "FRA T.IV"]
[Site "Toulouse"]
[Date "2005.11.20"]
[Round "2.8"]
[White "Varinois, Arnaud"]
[Black "Courceulles, Alexandre"]
[Result "0-1"]
[WhiteElo "1599"]
[BlackElo "1570"]
[PlyCount "76"]
[EventDate "2005.??.??"]
[EventType "team-match"]
[EventCountry "FRA"]

1. e4 e6 2. d4 d5 3. e5 c5 4. c3 Nc6 5. f4 Qb6 6. Nf3 Bd7 7. Na3 cxd4 8. cxd4
Qa5+ 9. Bd2 Bb4 10. Nc2 Bxd2+ 11. Nxd2 Nge7 12. g4 Ng6 13. Qf3 Rc8 14. a3 Ncxe5
15. fxe5 Rxc2 16. b4 Qb6 17. Nb3 Qc7 18. Be2 Rc3 19. Qf2 Rxb3 20. O-O Rf8 21.
Rfc1 Rc3 22. Qe1 Rxc1 23. Rxc1 Qb6 24. Rc5 Ke7 25. h4 Rc8 26. h5 Nh8 27. h6 Kf8
28. hxg7+ Kxg7 29. Qh4 Qd8 30. g5 Ng6 31. Qh6+ Kg8 32. Bd3 Rxc5 33. bxc5 Qf8
34. Qh2 Qe7 35. Qh6 Bc6 36. Kf2 Qc7 37. Qh3 Qa5 38. Be2 Qd2 0-1

[Event "FRA T.IV"]
[Site "Toulouse"]
[Date "2005.12.04"]
[Round "3"]
[White "Arlabosse, Nicolas"]
[Black "Le Doare, Bernard"]
[Result "1-0"]
[WhiteElo "1841"]
[BlackElo "1920"]
[PlyCount "80"]
[EventDate "2005.??.??"]
[EventType "team-match"]
[EventCountry "FRA"]

1. e4 Nf6 2. e5 Nd5 3. d4 d6 4. Bc4 c6 5. f4 Nd7 6. Nf3 N7b6 7. Bb3 Bg4 8. h3
Bxf3 9. Qxf3 e6 10. O-O Be7 11. f5 exf5 12. Qxf5 O-O 13. c4 Nc7 14. Bh6 g6 15.
Qf3 dxe5 16. c5 Nbd5 17. Bxf8 Qxf8 18. dxe5 Bxc5+ 19. Kh1 Qg7 20. Nc3 Rf8 21.
Bxd5 cxd5 22. Nxd5 Nxd5 23. Qxd5 b6 24. e6 fxe6 25. Qxe6+ Kh8 26. Rxf8+ Qxf8
27. Rd1 a5 28. a4 Kg7 29. Rd7+ Kh6 30. Qf7 Qxf7 31. Rxf7 g5 32. g3 Kg6 33. Rd7
h5 34. Kg2 h4 35. Kf3 hxg3 36. Kxg3 Kf5 37. Rd5+ Kf6 38. Kg4 Be3 39. Rd6+ Kf7
40. Kf5 Ke7 1-0

[Event "FRA T.IV"]
[Site "Toulouse"]
[Date "2005.04.12"]
[Round "3"]
[White "Bougouin, Blaise"]
[Black "Cordier, Michel"]
[Result "0-1"]
[WhiteElo "1620"]
[BlackElo "1570"]
[PlyCount "102"]
[EventDate "2005.??.??"]
[EventType "team-match"]
[EventCountry "FRA"]

1. e4 e6 2. d4 d5 3. e5 c5 4. c3 Nc6 5. Nf3 Qb6 6. Be2 cxd4 7. cxd4 Nge7 8. O-O
Nf5 9. b3 Nfxd4 10. Be3 Nxe2+ 11. Qxe2 Qc7 12. Bf4 Be7 13. Nbd2 Qd8 14. Bg3 O-O
15. a3 f6 16. b4 a6 17. Rac1 f5 18. Nb3 f4 19. Bxf4 Rxf4 20. g3 Rf7 21. Nc5
Bxc5 22. Rxc5 Bd7 23. h4 h6 24. Qe3 Qf8 25. Nh2 Rf5 26. f4 h5 27. Nf3 Nd8 28.
Nd4 Rf7 29. Rfc1 Bc6 30. Nf3 Re7 31. Ng5 Qf5 32. Kh2 Nf7 33. Nf3 Nh6 34. Kg2
Ng4 35. Qd4 Rd8 36. Ng5 Rc8 37. R5c3 g6 38. Rc5 Ne3+ 39. Kg1 Nc4 40. a4 b6 41.
R5xc4 dxc4 42. Qxc4 Bb7 43. Qf1 Rxc1 44. Qxc1 Qd3 45. Qe1 Qc2 46. Qf2 Qxf2+ 47.
Kxf2 Bd5 48. Ke3 Rc7 49. Kd2 Rc4 50. a5 Rxb4 51. axb6 Rxb6 0-1

[Event "FRA T.IV"]
[Site "Toulouse"]
[Date "2005.04.12"]
[Round "3"]
[White "Bricard, Herve"]
[Black "Mesples, Jean Marc"]
[Result "1/2-1/2"]
[WhiteElo "2126"]
[BlackElo "2030"]
[PlyCount "76"]
[EventDate "2005.??.??"]
[EventType "team-match"]
[EventCountry "FRA"]

1. e4 e5 2. Bc4 Nf6 3. d3 Nc6 4. f4 d5 5. exd5 Nxd5 6. fxe5 Bc5 7. Nf3 Bg4 8.
Bb5 O-O 9. Bxc6 bxc6 10. c3 Re8 11. d4 Bb6 12. O-O Rxe5 13. Na3 Re8 14. Nc4 f6
15. a4 a5 16. Bd2 c5 17. Nxb6 cxb6 18. c4 Ne3 19. Bxe3 Rxe3 20. d5 Qd6 21. Qd2
Rae8 22. Rae1 Rxe1 23. Rxe1 Rxe1+ 24. Qxe1 Kf7 25. Qe4 Bxf3 26. gxf3 g6 27. f4
Qd7 28. Qf3 Qxa4 29. d6 Qa1+ 30. Kg2 Qxb2+ 31. Kg3 Ke6 32. Qd5+ Kd7 33. Qf7+
Kxd6 34. Qf8+ Ke6 35. Qg8+ Kd6 36. Qd8+ Ke6 37. Qg8+ Kd6 38. Qd8+ Ke6 1/2-1/2

[Event "FRA T.IV"]
[Site "Toulouse"]
[Date "2006.12.10"]
[Round "3"]
[White "Camilleri, Herve"]
[Black "Pfeifer, Andreas"]
[Result "0-1"]
[WhiteElo "1890"]
[BlackElo "2130"]
[PlyCount "110"]
[EventDate "2005.??.??"]
[EventType "team-match"]
[EventCountry "FRA"]

1. e4 e6 2. d4 d5 3. exd5 exd5 4. Nf3 Bg4 5. h3 Bh5 6. Bf4 Bd6 7. Bxd6 Qxd6 8.
Bd3 Ne7 9. O-O Nbc6 10. c3 Qf6 11. Nbd2 O-O-O 12. Qc2 Bg6 13. b4 Bxd3 14. Qxd3
Qf5 15. Qxf5+ Nxf5 16. Rfe1 f6 17. Nb3 b6 18. a4 Nd6 19. Nbd2 Kd7 20. Kf1 Ne7
21. a5 Nc6 22. Ke2 Rhe8+ 23. Kd3 Rxe1 24. Nxe1 bxa5 25. bxa5 Rb8 26. Kc2 Rb5
27. a6 Ra5 28. Rxa5 Nxa5 29. Nd3 Kc6 30. Nb4+ Kb5 31. Nxd5 c6 32. Nf4 f5 33. f3
Ne8 34. Kd3 Nc7 35. g4 fxg4 36. hxg4 Nd5 37. Nxd5 cxd5 38. c4+ dxc4+ 39. Kc3
Kxa6 40. Nxc4 Nxc4 41. Kxc4 Kb6 42. f4 Kc6 43. g5 g6 44. d5+ Kd6 45. Kd4 a5 46.
Ke4 a4 47. f5 gxf5+ 48. Kxf5 a3 49. Kf6 a2 50. Kg7 a1=Q+ 51. Kxh7 Qh1+ 52. Kg7
Qxd5 53. g6 Ke7 54. Kh8 Qh5+ 55. Kg7 Ke8 0-1

[Event "FRA T.IV"]
[Site "Toulouse"]
[Date "2005.12.04"]
[Round "3"]
[White "Carivenc, Thierry"]
[Black "Valat, Jean Marie"]
[Result "0-1"]
[WhiteElo "1790"]
[BlackElo "1690"]
[PlyCount "58"]
[EventDate "2005.??.??"]
[EventType "team-match"]
[EventCountry "FRA"]

1. d4 Nf6 2. Nf3 e6 3. e3 c5 4. b3 Nc6 5. Bb2 cxd4 6. exd4 Qc7 7. a3 Be7 8. Bd3
b6 9. Nbd2 Bb7 10. Qe2 d5 11. O-O O-O 12. Rac1 Bd6 13. Ne5 Rac8 14. f4 Qe7 15.
Ra1 Rc7 16. Rf3 Rfc8 17. Rh3 g6 18. Ndf3 Nh5 19. g3 f6 20. Ng4 Bxf4 21. Re1 Re8
22. Nh6+ Bxh6 23. Nh4 f5 24. Qf3 Qf7 25. Ng2 Bg7 26. c3 Nf6 27. Nf4 e5 28. dxe5
Nxe5 29. Rxe5 Rxe5 0-1

[Event "FRA T.IV"]
[Site "Toulouse"]
[Date "2005.12.04"]
[Round "3"]
[White "Devals, Nicolas"]
[Black "Buiten, Herman"]
[Result "0-1"]
[WhiteElo "1640"]
[BlackElo "1690"]
[PlyCount "52"]
[EventDate "2005.??.??"]
[EventType "team-match"]
[EventCountry "FRA"]

1. e4 c5 2. Nf3 Nc6 3. d4 cxd4 4. Nxd4 d6 5. Nc3 a6 6. Bc4 e6 7. Bb3 Bd7 8. O-O
Nf6 9. f4 g6 10. Be3 Bg7 11. Qf3 O-O 12. f5 Nxd4 13. Bxd4 exf5 14. exf5 Bxf5
15. Qxb7 Be6 16. Ne4 Nxe4 17. Bxg7 Nc5 18. Qc6 Kxg7 19. Rfd1 Nxb3 20. axb3 Qf6
21. c3 Qe5 22. Rxa6 Qe2 23. Rda1 Rxa6 24. Qxa6 Qxb2 25. b4 Bd5 26. Rd1 Qxg2#
0-1

[Event "FRA T.IV"]
[Site "Toulouse"]
[Date "2005.12.04"]
[Round "3"]
[White "Egea, Claude"]
[Black "Parpinel, Mario"]
[Result "0-1"]
[WhiteElo "1670"]
[BlackElo "1810"]
[PlyCount "60"]
[EventDate "2005.??.??"]
[EventType "team-match"]
[EventCountry "FRA"]

1. e4 e5 2. Nf3 Nc6 3. d4 exd4 4. Bc4 Be7 5. O-O d6 6. Nxd4 Nxd4 7. Qxd4 Bf6 8.
Qd3 Ne7 9. f4 O-O 10. Nc3 c6 11. Bb3 Ng6 12. Be3 Qc7 13. a3 b6 14. Rab1 a5 15.
Qd2 Bb7 16. Ne2 Rad8 17. c4 Rfe8 18. Bc2 c5 19. Ng3 Bc6 20. Rfe1 Qb7 21. Bf2
Bh4 22. f5 Ne5 23. b3 Ng4 24. Qf4 Bxg3 25. Qxg4 Bxf2+ 26. Kxf2 Re5 27. Re3 Qe7
28. Rbe1 Re8 29. Kf3 Qf6 30. Qf4 Rxf5 0-1

[Event "FRA T.IV"]
[Site "Toulouse"]
[Date "2005.04.12"]
[Round "3"]
[White "Golic, Nadil"]
[Black "Condeminas, Christian"]
[Result "1-0"]
[WhiteElo "1990"]
[BlackElo "1770"]
[PlyCount "95"]
[EventDate "2005.??.??"]
[EventType "team-match"]
[EventCountry "FRA"]

1. d4 Nf6 2. c4 c5 3. d5 b5 4. cxb5 a6 5. b6 Bb7 6. Nc3 d6 7. e4 g6 8. Nf3 Bg7
9. Nd2 Qxb6 10. Nc4 Qc7 11. Qc2 O-O 12. Rb1 Nbd7 13. Be2 Rfb8 14. O-O Bc8 15.
Bd2 Nb6 16. b3 Bd7 17. f4 Bb5 18. Na5 Bxe2 19. Nxe2 e6 20. dxe6 fxe6 21. f5 e5
22. fxg6 hxg6 23. Nc4 Nxc4 24. Qxc4+ Qf7 25. Qxf7+ Kxf7 26. Bg5 Ke6 27. Bxf6
Bxf6 28. Nc3 Ra7 29. Nd5 Rf8 30. Rf3 a5 31. Rbf1 Raf7 32. Kf2 Bh4+ 33. Ke2 Rxf3
34. Rxf3 Rh8 35. g3 Bd8 36. Rf2 Kd7 37. Kd3 g5 38. Kc4 Kc6 39. a3 Rg8 40. b4
cxb4 41. axb4 axb4 42. Nxb4+ Kd7 43. Kd5 Rg7 44. Na6 Be7 45. Nb8+ Kc7 46. Nc6
Rh7 47. Ra2 Kb7 48. Ra7+ 1-0

[Event "FRA T.IV"]
[Site "Toulouse"]
[Date "2005.12.04"]
[Round "3"]
[White "Jalras, Laurent"]
[Black "Cazals, Philippe"]
[Result "1-0"]
[WhiteElo "1720"]
[BlackElo "1840"]
[PlyCount "67"]
[EventDate "2005.??.??"]
[EventType "team-match"]
[EventCountry "FRA"]

1. e4 c5 2. Nf3 Nc6 3. d4 cxd4 4. Nxd4 Nf6 5. Nc3 e5 6. Ndb5 d6 7. Nd5 Nxd5 8.
exd5 Ne7 9. c4 a6 10. Qa4 Ng6 11. Nc7+ Ke7 12. Nxa8 Bd7 13. Qb4 Qxa8 14. Bd3 f5
15. Bg5+ Kf7 16. Bd2 Be7 17. O-O b5 18. b3 e4 19. Be2 bxc4 20. bxc4 Rb8 21. Qa3
Ne5 22. Rfb1 Rg8 23. Rc1 g5 24. Bb4 g4 25. Bxd6 Bf6 26. Bxe5 Bxe5 27. Rab1 f4
28. c5 g3 29. hxg3 Rg5 30. c6 Bf5 31. Rb7+ Kg6 32. Qe7 Bd4 33. Qxh7+ Kf6 34.
Rf7+ 1-0

[Event "FRA T.IV"]
[Site "Toulouse"]
[Date "2005.04.12"]
[Round "3"]
[White "Lavolle, Olivier"]
[Black "Join, Etienne"]
[Result "0-1"]
[WhiteElo "1770"]
[BlackElo "1790"]
[PlyCount "116"]
[EventDate "2005.??.??"]
[EventType "team-match"]
[EventCountry "FRA"]

1. e4 e5 2. Nf3 Nc6 3. d4 d6 4. d5 Nce7 5. c4 f5 6. Bd3 Nf6 7. Nc3 f4 8. b4 Ng6
9. O-O Nh5 10. Nxe5 Nxe5 11. Qxh5+ g6 12. Qe2 Qg5 13. f3 Bh3 14. Rd1 Nxf3+ 15.
Qxf3 Bg4 16. Qxf4 Qxf4 17. Bxf4 Bxd1 18. Rxd1 Bg7 19. Nb5 Kd7 20. Be2 Rhf8 21.
Bg4+ Ke7 22. Bg5+ Bf6 23. Bxf6+ Rxf6 24. Rf1 Rxf1+ 25. Kxf1 c6 26. Nd4 cxd5 27.
exd5 Rf8+ 28. Bf3 Rf4 29. Nb5 Rxc4 30. Nxa7 Rxb4 31. Nc8+ Kd7 32. Na7 Kc7 33.
Be2 Kb6 34. Nc8+ Kc7 35. Na7 Kb6 36. Nc8+ Kc5 37. Bf3 Ra4 38. Ne7 Ra8 39. Bg4
Rf8+ 40. Kg1 Ra8 41. Bc8 Rxa2 42. Bxb7 Ra7 43. Nxg6 hxg6 44. Bc6 Ra2 45. Be8 g5
46. Bf7 Kd4 47. Be6 Ke3 48. h3 Kf4 49. Kh2 Rd2 50. Bf7 Ke4 51. Be6 Ke3 52. Kg1
Rd1+ 53. Kh2 Kf2 54. h4 gxh4 55. Kh3 Rh1+ 56. Kg4 Kxg2 57. Kf4 Rf1+ 58. Ke4 h3
0-1

[Event "FRA T.IV"]
[Site "Toulouse"]
[Date "2005.04.12"]
[Round "3"]
[White "Le Gallen, Luc"]
[Black "Pfeifer, Andreas"]
[Result "1-0"]
[WhiteElo "2120"]
[BlackElo "2130"]
[PlyCount "95"]
[EventDate "2005.??.??"]
[EventType "team-match"]
[EventCountry "FRA"]

1. d4 d5 2. Nf3 Nc6 3. e3 Bg4 4. c4 e6 5. Nc3 Nf6 6. Be2 Bb4 7. a3 Bxc3+ 8.
bxc3 O-O 9. cxd5 exd5 10. c4 dxc4 11. Bxc4 Ne7 12. O-O c5 13. Bb2 b5 14. Be2 c4
15. Ne5 Bxe2 16. Qxe2 Nd7 17. a4 a6 18. axb5 Nxe5 19. dxe5 axb5 20. Ba3 Rxa3
21. Rxa3 Nc6 22. Rd1 Qe7 23. Ra6 Nxe5 24. Qb2 b4 25. Ra4 Nd3 26. Rxd3 cxd3 27.
Rxb4 Qc5 28. g3 Rd8 29. Rd4 Rxd4 30. exd4 Qc7 31. Qb5 g6 32. Qxd3 Qd6 33. d5 h5
34. h4 Kg7 35. Qd4+ Kf8 36. Qh8+ Ke7 37. Qd4 Kf8 38. Qe4 f5 39. Qd4 Kf7 40. Kg2
Qf6 41. Qxf6+ Kxf6 42. Kf3 Ke5 43. d6 Kxd6 44. Kf4 Ke6 45. Kg5 Kf7 46. Kh6 Kf6
47. f4 Kf7 48. Kh7 1-0

[Event "FRA T.IV"]
[Site "Toulouse"]
[Date "2005.12.04"]
[Round "3"]
[White "Marni Sandid, Tarik"]
[Black "Muratet, Lucas"]
[Result "0-1"]
[WhiteElo "1720"]
[BlackElo "1840"]
[PlyCount "90"]
[EventDate "2005.??.??"]
[EventType "team-match"]
[EventCountry "FRA"]

1. e4 c5 2. Nf3 d6 3. d4 cxd4 4. Nxd4 Nf6 5. Nc3 g6 6. Bg5 Bg7 7. Qd2 O-O 8.
O-O-O Nc6 9. Bh6 Bd7 10. Bxg7 Kxg7 11. h4 h5 12. f4 Rc8 13. f5 Ne5 14. Bd3 Qa5
15. fxg6 fxg6 16. Nb3 Qc7 17. Nd5 Nxd5 18. exd5 Kh7 19. Rde1 Nxd3+ 20. Qxd3 Bf5
21. Qe2 Qxc2+ 22. Qxc2 Rxc2+ 23. Kd1 Rf7 24. Re2 Rxe2 25. Kxe2 Be4 26. Rd1 Bxg2
27. Ke3 Rf5 28. Na5 Rxd5 29. Rxd5 Bxd5 30. Kd4 Bc6 31. Nc4 Kg7 32. Ne3 Kf6 33.
a3 e5+ 34. Kd3 Ke6 35. b4 Bb5+ 36. Kc3 d5 37. Kb3 d4 38. Nd1 e4 39. a4 Be2 40.
Nf2 Kd5 41. Nh3 d3 42. Kc3 e3 43. Nf4+ Ke4 44. Ne6 d2 45. Nc5+ Kd5 0-1

[Event "FRA T.IV"]
[Site "Toulouse"]
[Date "2005.12.04"]
[Round "3"]
[White "Martinez, Loic"]
[Black "Olle, Jean Pierre"]
[Result "1/2-1/2"]
[WhiteElo "1860"]
[BlackElo "1720"]
[PlyCount "55"]
[EventDate "2005.??.??"]
[EventType "team-match"]
[EventCountry "FRA"]

1. e4 c5 2. Nf3 Nc6 3. d4 cxd4 4. Nxd4 Nf6 5. Nc3 e5 6. Ndb5 d6 7. Bg5 a6 8.
Na3 Be6 9. Nc4 Rc8 10. Bxf6 gxf6 11. Ne3 Qa5 12. a3 Nd4 13. Qd2 Bh6 14. Qd3
Bxe3 15. fxe3 Bc4 16. Qd2 Nb5 17. Nxb5 Qxd2+ 18. Kxd2 Bxb5 19. Bxb5+ axb5 20.
b3 Rg8 21. g3 Ke7 22. Rhf1 Rgd8 23. Rad1 d5 24. exd5 Rxd5+ 25. Kc1 Rdc5 26. Rd2
Rc3 27. Rfd1 R8c7 28. e4 1/2-1/2

[Event "FRA T.IV"]
[Site "Toulouse"]
[Date "2005.04.12"]
[Round "3"]
[White "Oriot, Patrice"]
[Black "Pokee, Anne Josephe"]
[Result "1-0"]
[WhiteElo "2090"]
[BlackElo "2006"]
[PlyCount "53"]
[EventDate "2005.??.??"]
[EventType "team-match"]
[EventCountry "FRA"]

1. e4 g6 2. d4 Bg7 3. Nf3 d6 4. Be2 Bg4 5. c3 Nf6 6. h3 Bxf3 7. Bxf3 c6 8. O-O
Nbd7 9. Re1 Qc7 10. Bf4 e5 11. Bg3 O-O 12. Nd2 Ne8 13. Nb3 Rd8 14. Qc2 a5 15.
a4 Kh8 16. Rad1 b5 17. Nc1 Rb8 18. Bg4 Nef6 19. dxe5 Nxe5 20. axb5 Nfxg4 21.
hxg4 Rxb5 22. Qe2 Qb6 23. b3 Bh6 24. c4 Rb4 25. Rxd6 Qc5 26. Nd3 Nxd3 27. Rxd3
1-0

[Event "FRA T.IV"]
[Site "Toulouse"]
[Date "2005.12.04"]
[Round "3"]
[White "Pelletier, Rachel"]
[Black "Reynes, Philippe"]
[Result "0-1"]
[WhiteElo "1600"]
[BlackElo "1720"]
[PlyCount "84"]
[EventDate "2005.??.??"]
[EventType "team-match"]
[EventCountry "FRA"]

1. c4 e5 2. Nc3 Nc6 3. g3 Nf6 4. Bg2 Bc5 5. e3 d6 6. a3 a5 7. Nf3 O-O 8. O-O
Bg4 9. Qc2 Qc8 10. Ng5 h6 11. Nge4 Nxe4 12. Nxe4 Bb6 13. Re1 Bh3 14. Bh1 f5 15.
Nc3 f4 16. Nd5 fxg3 17. hxg3 Qg4 18. Nxb6 cxb6 19. Qe4 Rf6 20. Qxg4 Bxg4 21.
Bg2 Raf8 22. f4 g5 23. d3 gxf4 24. gxf4 exf4 25. exf4 Nd4 26. Bd2 Bf3 27. Rf1
Rg6 28. Rf2 Bxg2 29. Rxg2 Nf3+ 30. Kf2 Rxg2+ 31. Kxg2 Nxd2 32. Kg3 Rf7 33. Re1
Kg7 34. Re6 Rd7 35. Kg4 d5 36. cxd5 Rxd5 37. Rxb6 h5+ 38. Kh4 Nf3+ 39. Kg3 Rxd3
40. Rxb7+ Kf6 41. Rb6+ Ke7 42. Rb5 Nd4+ 0-1